000 00459nam a2200145Ia 4500
008 140529s9999 xx 000 0 und d
050 _aPN 4121
_b.C215 1977
100 _aCarnegie, Dale.
245 _aThe quick & easy way to effective speaking : 
_bmodern techniques for dynamic communication /
_cDale Carnegie
260 _aNew York :
_bPocket Books,
_cc1977.
300 _a221 p. ;
_c17 cm.
521 _aGE
942 _kFOR
_cBK
999 _c117824
_d117824